International economics of pollution /

Saved in:
Bibliographic Details
Main Author: Walter, Ingo
Format: Book
Language:English
Published: New York : Wiley, c1975.
Subjects:
LEADER 01030cam a2200289 a 4500
001 c000218279
003 CARM
005 20050105095008.0
008 750819s1975 nyu b 001 0 eng
019 1 |a 237945  |5 LACONCORD2021 
020 |a 0470919280 
035 |a (OCoLC)1622312  |5 LACONCORD2021 
040 |a LC  |b eng  |c LC  |d NSL:R 
050 0 0 |a HC79.P55  |b W3 1975b 
082 0 4 |a 301.31 
100 1 |a Walter, Ingo. 
245 1 0 |a International economics of pollution /  |c Ingo Walter. 
260 |a New York :  |b Wiley,  |c c1975. 
300 |a 208 p. :  |b graphs ;  |c 24 cm. 
500 |a "A Halsted Press book." 
504 |a Includes bibliographical references and index. 
650 0 |a Pollution  |x Economic aspects. 
650 0 |a International economic relations. 
650 0 |a Environmental policy. 
852 8 |b CARM  |h A2:AL10G0  |i C08159  |p 0271416  |f BK 
999 f f |i 3bb3543d-4327-53b4-a83f-d2dc45b9fad3  |s b2b58127-10f6-5ec3-854a-8249d1bfa5cb 
952 f f |p Can circulate  |a CAVAL  |b CAVAL  |c CAVAL  |d CARM 1 Store  |e C08159  |f A2:AL10G0  |h Other scheme  |i book  |m 0271416